[Event "Druzynowe Mistrzostwa Polski Juniorow - Ekstraliga"]
[Site "Suchedniow"]
[Date "1899-12-30"]
[Round "9.26"]
[White "Woloch, Oskar"]
[Black "Dmochowska, Agnieszka"]
[Result "1/2-1/2"]
[WhiteTitle "k"]
[BlackTitle "WCM"]
[WhiteElo "2164"]
[BlackElo "2059"]

1. d4 Nf6 2. c3 d5 3. Nf3 e6 4. Bg5 Be7 5. Nbd2 O-O 6. Bxf6 Bxf6 7. e4 dxe4 8.
Nxe4 b6 9. Bd3 Bb7 10. O-O Nd7 11. Qe2 Re8 12. Nxf6+ Qxf6 13. Be4 c6 14. Ne5 Nxe5
15. dxe5 Qe7 16. Qh5 h6 17. Qf3 Qc7 18. Rfd1 Rad8 19. Qg3 c5 20. Qf3 Bxe4 21.
Qxe4 Rd7 22. g3 Red8 23. Rxd7 Rxd7 24. a4 Rd5 25. Re1 c4 26. Kg2 Rd2 27. Qa8+
Kh7 28. Qe4+ Kg8 29. Qa8+ Rd8 30. Qe4 Rd5 31. Re2 Qc5 32. Kh3 a5 1/2-1/2

[Event "Druzynowe Mistrzostwa Polski Juniorow - Ekstraliga"]
[Site "Suchedniow"]
[Date "1899-12-30"]
[Round "9.27"]
[White "Strugarek, Lukasz"]
[Black "Kalemba, Igor"]
[Result "1-0"]
[WhiteTitle "II"]
[BlackTitle "III"]
[WhiteElo "1407"]
[BlackElo "1041"]

1. e4 e6 2. d4 d5 3. Nc3 Bb4 4. exd5 exd5 5. Bd3 Nf6 6. a3 Be7 7. h3 O-O 8. Nf3
Be6 9. O-O c6 10. Re1 Nbd7 11. Ne2 Qc7 12. Nf4 Qd6 13. Qe2 Rfe8 14. Nxe6 Bf8 15.
Bf4 Qxe6 16. Qxe6 Rxe6 17. Rxe6 fxe6 18. Re1 Re8 19. Kf1 h6 20. Bg6 Rd8 21. Rxe6
Nb6 22. Bc7 Rd7 23. Bxb6 axb6 24. Ne5 Re7 25. Rxe7 Bxe7 26. Bf7+ Kf8 27. Be6 Ne8
28. Nd7# 1-0

[Event "Druzynowe Mistrzostwa Polski Juniorow - Ekstraliga"]
[Site "Suchedniow"]
[Date "1899-12-30"]
[Round "9.28"]
[White "Gorkiewicz, Mateusz"]
[Black "Kawaler, Adam"]
[Result "1/2-1/2"]
[WhiteTitle "II"]
[BlackTitle "I"]
[WhiteElo "1562"]
[BlackElo "1761"]

1. e4 e6 2. d4 d5 3. e5 c5 4. c3 Nc6 5. Nf3 cxd4 6. cxd4 Nge7 7. Bd3 Nf5 8. Bxf5
exf5 9. Nc3 Be7 10. Qb3 g5 11. Ne2 O-O 12. O-O a6 13. Bd2 Na5 14. Bxa5 Qxa5 15.
Rac1 Rd8 16. a3 b5 17. Rc3 b4 18. axb4 Bxb4 19. Rc2 g4 20. Nh4 Be7 21. g3 Bd7
22. Qe3 Rdc8 23. Rxc8+ Rxc8 24. Nc3 Be6 25. Ng2 Qb4 26. Qd2 Rc4 27. Rd1 a5 28.
Ne1 Qb3 29. Qc2 Rb4 30. Qxb3 Rxb3 31. Nd3 Bb4 32. Nxb4 Rxb4 33. Rd2 Kf8 34. Kf1
Ke7 35. Ke2 Kd7 36. Ke3 h6 37. Ke2 Kc6 38. Kd1 Kb6 39. Kc2 Kc6 40. Kd1 Kb6 41.
Kc2 1/2-1/2

[Event "Druzynowe Mistrzostwa Polski Juniorow - Ekstraliga"]
[Site "Suchedniow"]
[Date "1899-12-30"]
[Round "9.29"]
[White "Frej, Zofia"]
[Black "Buchta, Agnieszka"]
[Result "1/2-1/2"]
[WhiteTitle "I++"]
[BlackTitle "I++"]
[WhiteElo "1929"]
[BlackElo "1653"]

1. e4 e6 2. d4 d5 3. Nc3 Bb4 4. Nge2 dxe4 5. a3 Be7 6. Nxe4 Nf6 7. N2c3 Nbd7 8.
Be3 Nd5 9. Nxd5 exd5 10. Ng3 Nf6 11. Bd3 Be6 12. Nf5 Bxf5 13. Bxf5 O-O 14. O-O
c6 15. Re1 Re8 16. Qf3 Qc7 17. g3 Bd6 18. Bg5 Be7 19. Bd3 h6 20. Bxf6 Bxf6 21.
Qf5 Kf8 22. c3 Rxe1+ 23. Rxe1 Re8 24. Kf1 Rxe1+ 25. Kxe1 Ke7 26. Kd1 Qd7 27. Qxd7+
Kxd7 28. Ke2 Ke6 29. f4 Be7 30. b4 a6 1/2-1/2

[Event "Druzynowe Mistrzostwa Polski Juniorow - Ekstraliga"]
[Site "Suchedniow"]
[Date "1899-12-30"]
[Round "9.30"]
[White "Karlyk, Maria"]
[Black "Czarniecka, Aleksandra"]
[Result "0-1"]
[WhiteTitle "I"]
[BlackTitle "I"]
[WhiteElo "1600"]
[BlackElo "1631"]

1. e4 c5 2. Nf3 d6 3. d4 cxd4 4. Nxd4 Nf6 5. Nc3 a6 6. Bd3 Nc6 7. Nb3 g6 8. O-O
Bg7 9. Kh1 O-O 10. f4 b5 11. a3 Bb7 12. Bd2 Rc8 13. Rb1 Nd7 14. Nd5 e6 15. Nb4
Nc5 16. Nxc6 Bxc6 17. Ba5 Qh4 18. Be1 Qe7 19. Qe2 Rfd8 20. Bb4 Ba8 21. e5 Nb7
22. Be4 Qd7 23. Bxb7 Bxb7 24. Bxd6 Bd5 25. Na5 Bf8 26. Bxf8 Rxf8 27. Rfc1 Qc7
28. Qe1 Qc5 29. c3 f6 30. b4 Qc7 31. Kg1 fxe5 32. Qxe5 Qxe5 33. fxe5 Rf5 34. Nb3
Bxb3 35. Rxb3 Rxe5 36. Rb2 Re3 37. Rbc2 e5 38. Kf2 Rd3 39. Ke2 e4 40. g3 Rc4 41.
Kf2 Kf7 42. h4 Kf6 43. Ke2 Rxg3 0-1